000 01635nam a2200385 a 4500
001 0000311
003 DO-SdBNP
005 20180306111727.0
007 0000311
008 150130s2013 dr abc 000 0 spa d
020 _a9789945495151
040 _aBPMSU
_bspa
_cBPMSU
092 _a372.83
_bH557c, 3ro. 2013
100 1 _aHernández Grullón, Alejandro
245 1 0 _aCiencias sociales 3 :
_beducación básica /
_cAlejandro Hernández Grullón, Juan Ricardo Hernández ; actualización Ramona Grullón.
250 _aedición revisada y actualizada
260 _aSanto Domingo :
_bActualidad Escolar 2000,
_c2013.
300 _a132 p. :
_bil., mapas retrs. ;
_c28 cm.
500 _aEste libro ha sido realizado de acuerdo al curriculum vigente y ha sido sometido a la evaluación a aprovación del MINERD
500 _aEdición revisada y actualizada al 2013.
500 _aIncluye el "Libro del maestro"
504 _aBibliografía p: 132
505 1 _tFamilia y comunidad --
_tConozco donde vivo --
_tCultura y autirdades en nuestros municipios --
_tRepública Dominicana, primeros pobladores --
_tBibliografía --
650 _aCIENCIAS SOCIALES
_xENSEÑANZA BÁSICA
650 _aCIENCIAS SOCIALES
_xEDUCACIÓN PRIMARIA
650 _aEDUCACIÓN PRIMARIA
_xREPÚBLICA DOMINICANA
650 _aCIENCIAS SOCIALES
_xLIBROS DE TEXTOS
650 _aCIENCIAS SOCIALES
_xESTUDIOS Y EJERCICIOS
700 1 _aHernández, Juan Ricardo
700 1 _aGrullón, Ramona.
910 _aValidado. Control de calidad MFF
942 _2ddc
_cBK
945 _aRemanejado para la BNPHU / 2018 VM
956 _aYLOCKWARD
_b10
999 _c9854
_d9854